000 00630nam a2200229Ia 4500
005 20260320201915.0
008 008 262003s9999 xx 000 0 eng d
037 _aEBOOK
040 _aCRL
040 _beng
040 _cCRL
041 _2eng
041 _aeng
084 _qCRL
100 _a'reaper'
_91136276
245 0 _aMastering Palo Alto Networks: Build, configure, and deploy network solutions for your infrastructure using features of PAN-OS
260 _bIEEE
856 _uhttps://ieeexplore.ieee.org/servlet/opac?bknumber=10163211
942 _cEBOOK
999 _c1724211
_d1724211